| 000 | 01238cam a22004094i 4500 | ||
|---|---|---|---|
| 003 | PE-LiUPU | ||
| 005 | 20250731173220.0 | ||
| 008 | 150625s1977 miu r 000 0 spa d | ||
| 035 | _a(Sirsi) a33511 | ||
| 040 |
_aPE-LiUPU _bspa _cPE-LiUPU _erda |
||
| 049 | _aPRUA | ||
| 082 | 0 | 4 |
_a224.9 _bP865m _223 |
| 100 | 1 |
_aPott, Jeronimo, _eautor. |
|
| 245 | 1 | 3 |
_aEl mensaje de los profetas menores / _cJeronimo Pott. |
| 264 | 1 |
_aMichigan : _bSubcomision literatura cristiana, _c1977. |
|
| 300 |
_a108 páginas ; _c23 centímetros. |
||
| 336 |
_atext _2rdacontent |
||
| 337 |
_aunmediated _2rdamedia |
||
| 338 |
_avolume _2rdacarrier |
||
| 505 | 0 | _aIntroducción -- Oseas -- Joel -- Amós -- Abdías -- Jonás -- Miqueas -- Nahum -- Habacuc -- Sofonías -- Aggeo -- Zacarías -- Malaquías. | |
| 526 | _aSEG42 | ||
| 526 | _aSEG41 | ||
| 526 | _aSEG40 | ||
| 526 | _aSEG39 | ||
| 526 | _aP94 | ||
| 526 | _aP87 | ||
| 526 | _aP86 | ||
| 526 | _aP85 | ||
| 526 | _aP77 | ||
| 526 | _aP76 | ||
| 526 | _aP35 | ||
| 630 | 1 | 4 |
_aBiblia. _pProfetas menores _lEspañol _xComentarios. _94400 |
| 942 |
_2ddc _cBK |
||
| 999 |
_c41267 _d41267 |
||
| 980 |
_81 _gALBERTO SANCHEZ Responsable de Automatización |
||